Statistiken für Deutsche Bands der 2000er und 2010er

Klicken Sie hier um das Quiz zu spielen!

Allgemein

  • Dieses Quiz wurde 226 mal gespielt
  • Das Durchschnittsergebnis liegt bei 10 aus 20

Antwortstatistiken

SongsBand% Korrekt
Ein Kompliment | Ich Roque | Applaus, ApplausSportfreunde Stiller
90%
Vom selben Stern | Stark | PflasterIch + Ich
85%
Junge | M&F | Ich, am StrandÄrzte
80%
Hamma | Monsta | Wildes DingCulcha Candela
80%
Emanuela | An Tagen wie diesen | Bettina, zieh dir bitte etwas anFettes Brot
80%
Symphonie | Das Beste | Irgendwas bleibtSilbermond
80%
Remmidemmi (Yippie Yippie Yeah) | Leider geil | Denken Sie großDeichkind
73%
Aurelie | Denkmal | SoundsoWir sind Helden
67%
Pocahontas | Barfuß am Klavier | Schon krassAnnenMayKantereit
62%
Echt | Nie vergessen | Geiles LebenGlasperlenspiel
52%
Geld essen | Boom Boom Boom | Hurra die Welt geht unterK.I.Z
51%
Baby du riechst | Holland | Holz257ers
49%
Hungriges Herz | Tanz der Moleküle | FallschirmMia
45%
2 Millionen von Sternen | 36 Grad | Rette mich später2raumwohnung
42%
Die Perfektion | Du schreibst Geschichte | Mit dem Moped nach MadridMadsen
24%
Guten Morgen Spinner | Frankfurt Oder | So oder soBosse
19%
Meine Sache | Ist da jemand? | Bitteres ManifestBroilers
18%
Deiche | Am Tisch | Sommer ’89Kettcar
9%
Ich sang die ganze Zeit von dir | Der letzte große Wal | & ich wanderTomte
8%
Von guten Eltern | Ein ganzer Sommer | Das ganz normale LebenVirginia Jetzt!
4%

Verteilung der Resultate

Perzentil nach korrekt beantworteten Fragen

Anzahl Personen mit jedem Resultat

Ihre Resultats-Entwicklung

Sie haben dieses Quiz noch nicht gespielt